000 00435cam a22001337a 4500
008 180718b1955 xxu||||| |||| 00| 0 eng d
082 _aL6x492 D817
100 _aDress, W.
245 _aOn the level of government expendiure in the Natherlands after the war
_cby W. Dress
260 _aLeiden
_bStenfert Kroses
_c1955
300 _a135p.
440 _aAspecten Der Economische Politiek
650 _aExpenditures, Government --Natherland
999 _c364462
_d364462